Super Smash Bros. Ultimate Franchises With The Most Remixes - Statistics

General Stats
  • This quiz has been taken 69 times
    32 since last reset
  • The average score is 19 of 27
Answer Stats
# Examples Franchise % Correct
4 Splattack!, Bomb Rush Blush Splatoon
95%
7 Spiral Mountain, Mumbo's Mountain Banjo-Kazooie
90%
13 Vampire Killer, Bloody Tears/Monster Dance Castlevania
90%
3 Title Theme: Wild World, Title Theme: Happy Home Designer Animal Crossing
86%
2 Ramen Bowl,Grand Prix Official Theme Song ARMS
86%
17 Guts Man Stage, Wood Man Stage Mega Man
86%
3 Brinstar Depths, Vs. Parasite Queen Metroid
86%
6 Fortress Boss, Delfino Plaza Super Mario
86%
3 Big Blue, Sand Ocean F-Zero
81%
2 Theme of Solid Snake, Snake Eater Metal Gear
81%
3 Galaga Medley, Mappy Medley Pac-Man
81%
8 Battle! (Steven), Battle at the Summit! Pokémon
81%
5 Gangplank Galleon, Crocodile Cacophony Donkey Kong Country
76%
3 Beneath the Mask, I’ll Face Myself Persona
76%
2 Guile Stage, Vega Stage Street Fighter
76%
8 Death Mountain, Kass’s Theme The Legend of Zelda
76%
2 Magicant, Fourside Earthbound
67%
2 Main Theme, Garden of Hope Pikmin
62%
2 Main Menu, Training Menu Wii Fit
57%
10 Under This Banner, Gear up for... Fire Emblem
52%
2 City Trial, Staff Credits Kirby
52%
17 Kurikinton, Forest World - Athena Fatal Fury
48%
4 Opening - Bombing Mission, Cosmo Canyon Final Fantasy
48%
6 Halland/Dalarna, Glide Minecraft
48%
8 Moonsiders 1st, Karma Tekken
38%
3 Counterattack, Tiger! Tiger! Xenoblade Chronicles
38%
1 Main Theme Yoshi’s Island
14%
No matching quizzes found
Score Distribution
Percent of People with Each Score
Percentile by Number Answered
Your Score History
You have not taken this quiz since the last reset